| 000 | 00545nam a2200181Ia 4500 | ||
|---|---|---|---|
| 001 | 9598 | ||
| 005 | 20260306161730.0 | ||
| 008 | 260306t2009||||xx |||||||||||||| ||spa|| | ||
| 041 | _aESP | ||
| 082 |
_a382.6 _bC14 |
||
| 100 |
_aCáceres Angulo, Luis Ernesto, _eAUT |
||
| 245 | 0 |
_a¿Cómo exportar a Brasil por la Interoceánica? : _bguía práctica para exportar a uno de los mercados más grandes e importantes del mundo |
|
| 260 | _c2009 | ||
| 300 |
_a190 páginas : _c28 cm. |
||
| 650 | _aGEN | ||
| 654 | _aCAN | ||
| 942 |
_cLIB _dJUS _fJUS _2ddc _n |
||
| 999 |
_c9598 _d9598 |
||